Score 0/35 Timer 07:00
0 Plays Today
Signs answers % Correct
LJ45Lear Jet 45
63.9%
B752Boeing 757-200
58.3%
A310Airbus 310
56.9%
B739Boeing 737-900
55.6%
GLF5Gulfstream 5
54.2%
B712Boeing 717-200
52.8%
LJ23Lear Jet 23
50%
DH8Dash 8
50%
F100Fokker
50%
P28APiper Cherokee
31.9%
PA34Piper Seneca
27.8%
PAY1Piper Cheyenne
27.8%
P28R Cherokee Arrow
27.8%
FA10Falcon 10
27.8%
PA44Piper Seminole
26.4%
PA31Piper Navajo
26.4%
MD80McDonnell Douglas 80
26.4%
C310Twin Cessna
25%
Signs answers % Correct
B190Beech 1900
23.6%
C421Cessna Golden Eagle
23.6%
PA23Piper Apache
23.6%
C750Citation
23.6%
SBR1Sabreliner
23.6%
BE10King Air
22.2%
BE55Baron
22.2%
SF34Saab 340
20.8%
AC11Commander
20.8%
PA27Aztec
20.8%
H25AHawker
19.4%
BE35Beech Bonanza
19.4%
CRJ7Canada regional jet 7
19.4%
B350Super King Air
15.3%
C525Cessna jet
12.5%
BE40Beech 400
11.1%
CL60Canada Challenger
8.3%
Remove Ads.
Support Sporcle.
Get the best of Sporcle when you Go Orange. This ad-free experience offers more features, more stats, and more fun while also helping to support Sporcle. Thank you for becoming a member.

You're not logged in!

Compare scores with friends on all Sporcle quizzes.
OR
Log In

Show Comments

Extras

Created Oct 26, 2010ReportNominate
Tags:Aircraft, Identifier

Top Quizzes Today


Score Distribution

Your Account Isn't Verified!

In order to create a playlist on Sporcle, you need to verify the email address you used during registration. Go to your Sporcle Settings to finish the process.

Report this User

Report this user for behavior that violates our Community Guidelines.

Details: